Guess the Country (Hetalia) - Statistics

General Stats
  • This quiz has been taken 6,326 times
  • The average score is 11 of 15
Answer Stats
Hint Answer % Correct
Short, soft-spoken, likes cats and manga. Japan
96%
Serious blonde who trains daily. Germany
95%
Cheerful coward who mass-produces white flags. Italy
95%
Loud, energetic blonde with glasses. America
91%
Thick-eyebrow'd blonde who likes Dr. Who and magic. England
81%
Long-haired, wine-drinking blonde who no country seems to like. France
80%
4000-year-old man who likes Hello Kitty. Looks like a lady. China
79%
Tall, purple-eyed psychopathic manchild. Russia
78%
Frying-pan-wielding brunette with green eyes. Hungary
68%
Irritable auburn tsundere with a swearing problem. Romano
66%
The awesome ex-country. Prussia
58%
Narcoleptic cat lover. Greece
54%
Walk into his yard and he'll shoot you. Switzerland
50%
Crazy stalker-with-a-crush. Has a knife. Belarus
49%
Dark-haired young girl with two hair ribbons. Seychelles
43%
No matching quizzes found
Score Distribution
Percent of People with Each Score
Percentile by Number Answered
Your Score History
You have not taken this quiz